Estructuralismo y estética /

Colección formada por selecciones y compilaciones de exposiciones y revisiones críticas del estructuralismo, el conocido movimiento filósofico, científico y crítico-literario desarrollado principalmente en Francia durante la década de 1960, que extendió las teorías y métodos del estructuralismo ling...

Celý popis

Uloženo v:
Podrobná bibliografie
Hlavní autor: Sazbón, José (selec.)
Další autoři: Castorina, José Antonio (traducción) (traducción)
Médium: Kniha
Jazyk:španělština
Vydáno: Buenos Aires, Argentina : Nueva Visión, 1969, c1969
Edice:(El Pensamiento Estructuralista ; 2)
Témata:
Tagy: Přidat tag
Žádné tagy, Buďte první, kdo vytvoří štítek k tomuto záznamu!

MARC

LEADER 00000nam^a2200000^a^4500
001 000166195
005 20250521000000.0
009 20260310101042.726
037 |a Acervo ITESO - Biblioteca 
041 |a ESP 
082 |a 300. 1  |b PEN V. 2 
100 |a Sazbón, José  |e (selec.) 
245 1 0 |a Estructuralismo y estética /  |c Selec. y dir. de la serie de J. Sazbón ; tr. por J.A. Castorina, Cristina Iglesia, José Sazbón. 
264 4 |a Buenos Aires, Argentina :  |b Nueva Visión,  |c 1969, c1969 
300 |a 202 p. 
336 |a texto  |b txt  |2 rdacontenido 
337 |a sin mediación  |b n  |2 rdamedio 
338 |a volumen  |b nc  |2 rdasoporte 
440 4 |a (El Pensamiento Estructuralista ;  |v 2) 
520 |a Colección formada por selecciones y compilaciones de exposiciones y revisiones críticas del estructuralismo, el conocido movimiento filósofico, científico y crítico-literario desarrollado principalmente en Francia durante la década de 1960, que extendió las teorías y métodos del estructuralismo lingüístico a variados y numerosos campos de las ciencias humanas y sociales. La relación del estructuralismo con la estética es el eje vertebrador del segundo tomo de la colección, formado y firmado por las siguientes contribuciones y autores: 1. ¿A favor o en contra de una estética estructuralista?, por Gillo Dorfles. 2. El análisis estructural en arte y antropología, por Sheldon Nodelman. 3. Arte, forma, estructura, por Pierre Francastel. 4. Música y estructura, por Gisèle Brelet. 5. Algunos aspectos de semiología del cine, por Christian Metz. 6. Un lenguaje sin signos, por Jean Mitry. 7. Los estructuralistas, la noción de estructura y la estética del film, por Jacques-André Bizet y 8. Estructura de la televisión, por Cesare Brandi. 
649 |a XX 
650 |a Antropólogos Franceses 
650 |a Estructuralismo 
650 |a Música Moderna -  |x Historia y Crítica 
650 |a Música Moderna -  |x Teoría 
650 |a Música de Concierto -  |x Historia y Crítica 
650 |a Música -  |x Teoría 
650 |a Semiótica y Comunicación 
650 |a Lenguaje Cinematográfico 
650 |a Cine -  |x Teoría 
650 |a Televisión 
650 |a Medios Audiovisuales 
650 |a Medios de Comunicación 
650 |a Comunicación Visual 
650 |a Comunicación Masiva 
650 |a Lingüística 
650 |a Antropología Cultural -  |x Metodología 
650 |a Antropología Cultural -  |x Teoría 
650 |a Estética 
650 |a Arte -  |x Historia y Crítica -  |x Metodología 
650 |a Arte -  |x Teoría 
650 |a Filosofía del Siglo XX 
650 |a Lévi-Strauss, Claude 
700 |a Castorina, José Antonio  |e (traducción) 
910 |a Fondo Armando Suárez Gómez 
920 |a Impresos - Libros 
930 |a Fondos Especiales 
905 |a 111 
901 |a 0700007157  |b IT2  |c ESP  |u 20250521 
902 |a https://opac.biblio.iteso.mx/vufind/Record/000166195